<?xml version="1.0" encoding="UTF-8"?>
<record
    xmlns:xsi="http://www.w3.org/2001/XMLSchema-instance"
    xsi:schemaLocation="http://www.loc.gov/MARC21/slim http://www.loc.gov/standards/marcxml/schema/MARC21slim.xsd"
    xmlns="http://www.loc.gov/MARC21/slim">

  <leader>01061nam a22001937a 4500</leader>
  <datafield tag="999" ind1=" " ind2=" ">
    <subfield code="c">28934</subfield>
    <subfield code="d">28934</subfield>
  </datafield>
  <controlfield tag="003">CUTN</controlfield>
  <controlfield tag="005">20190614123835.0</controlfield>
  <controlfield tag="008">190614b           ||||| |||| 00| 0 eng d</controlfield>
  <datafield tag="020" ind1=" " ind2=" ">
    <subfield code="a">9781895958003</subfield>
  </datafield>
  <datafield tag="020" ind1=" " ind2=" ">
    <subfield code="a">1895958008</subfield>
  </datafield>
  <datafield tag="041" ind1=" " ind2=" ">
    <subfield code="a">English</subfield>
  </datafield>
  <datafield tag="082" ind1=" " ind2=" ">
    <subfield code="a">616.071</subfield>
    <subfield code="b">SHA</subfield>
  </datafield>
  <datafield tag="100" ind1=" " ind2=" ">
    <subfield code="a">Sharma, Hari:</subfield>
  </datafield>
  <datafield tag="240" ind1=" " ind2=" ">
    <subfield code="a"> Freedom from disease : </subfield>
  </datafield>
  <datafield tag="245" ind1=" " ind2=" ">
    <subfield code="a"> Freedom from disease : </subfield>
    <subfield code="b">how to control free radicals, a major cause of aging and disease/</subfield>
    <subfield code="c">Hari Sharma.</subfield>
  </datafield>
  <datafield tag="260" ind1=" " ind2=" ">
    <subfield code="a">Canada</subfield>
    <subfield code="b">Veda Publishing, Inc.</subfield>
    <subfield code="c">1993</subfield>
  </datafield>
  <datafield tag="505" ind1=" " ind2=" ">
    <subfield code="a">Introduction: The Dual Discovery</subfield>
    <subfield code="t">Part One: The Free Radical Paradigm
1. The Health Care Solution</subfield>
    <subfield code="t">2. How Free Radicals Are Created</subfield>
    <subfield code="t">3.Free Radicals, Aging, and Disease</subfield>
    <subfield code="t">Part Two: Winning the Battle
4. The Body's Defenses</subfield>
    <subfield code="t">5. The Natural Solution to Free Radicals</subfield>
    <subfield code="t">6. Stopping Free Radicals Before They Start</subfield>
    <subfield code="t">Part Three: The Consciousness Paradigm
7. Living in Tune with Nature's Intelligence</subfield>
    <subfield code="t">8. From Mind to Body</subfield>
    <subfield code="t">9.The Twenty Approaches of Maharishi Ayur-Ved</subfield>
    <subfield code="t">Conclusion: Toward a Disease-Free Society</subfield>
  </datafield>
  <datafield tag="942" ind1=" " ind2=" ">
    <subfield code="2">ddc</subfield>
    <subfield code="c">BOOKS</subfield>
  </datafield>
  <datafield tag="952" ind1=" " ind2=" ">
    <subfield code="0">0</subfield>
    <subfield code="1">0</subfield>
    <subfield code="2">ddc</subfield>
    <subfield code="4">0</subfield>
    <subfield code="7">0</subfield>
    <subfield code="a">CUTN</subfield>
    <subfield code="b">CUTN</subfield>
    <subfield code="d">2019-06-14</subfield>
    <subfield code="e">Rotary Club, Thiruvarur</subfield>
    <subfield code="l">0</subfield>
    <subfield code="o">616.071 SHA</subfield>
    <subfield code="p">28970</subfield>
    <subfield code="r">2020-02-04 00:00:00</subfield>
    <subfield code="w">2019-06-14</subfield>
    <subfield code="y">BOOKS</subfield>
    <subfield code="z">Gifted / Donated Books</subfield>
  </datafield>
</record>
